[Event "SR 2. liga A 2002/2003"]
[Site "?"]
[Date "2003.03.15"]
[Round "10.4"]
[White "Lukac, Roman"]
[Black "Sekera, Branislav"]
[Result "0-1"]
[WhiteElo "2151"]
[BlackElo "2128"]
[PlyCount "70"]
[EventDate "2002.??.??"]

1. e4 c6 2. d4 d6 3. Nc3 Qc7 4. h3 Nf6 5. Nf3 e5 6. Be3 Be7 7. Qd2 a6 8. a4 b6
9. g4 h6 10. Bg2 Nbd7 11. O-O c5 12. dxe5 dxe5 13. Nh2 Bb7 14. f4 Rd8 15. Qe2
Bd6 16. f5 c4 17. Rf2 Rc8 18. Nf1 Bc5 19. Rd1 O-O 20. Bf3 Rfd8 21. h4 Nf8 22.
Rxd8 Qxd8 23. g5 hxg5 24. hxg5 Ne8 25. Rg2 b5 26. axb5 axb5 27. Bh5 Qb6 28. Kh1
g6 29. Bg4 Rd8 30. Bxc5 Qxc5 31. Ne3 Rd4 32. Ncd5 Rxe4 33. Nf6+ Nxf6 34. gxf6
Rxe3 35. Qd2 Bxg2+ 0-1

[Event "SR 2. liga A 2002/2003"]
[Site "?"]
[Date "2003.03.15"]
[Round "10.5"]
[White "Hanzluvka, Peter"]
[Black "Mikulas, Dusan"]
[Result "1/2-1/2"]
[WhiteElo "2107"]
[BlackElo "2154"]
[PlyCount "49"]
[EventDate "2002.??.??"]

1. e4 e5 2. Nf3 Nc6 3. Bb5 a6 4. Ba4 Nf6 5. O-O Be7 6. Re1 b5 7. Bb3 O-O 8. c3
d5 9. exd5 Nxd5 10. Nxe5 Nxe5 11. Rxe5 c6 12. d4 Bd6 13. Re1 Qh4 14. g3 Qh3 15.
Qd3 Bg4 16. Qf1 Qh5 17. Be3 Rae8 18. Nd2 Kh8 19. a4 f5 20. Bxd5 cxd5 21. f3 Bh3
22. Qd3 f4 23. Bf2 Bf5 24. Qf1 Bh3 25. Qd3 1/2-1/2

[Event "SR 2. liga A 2002/2003"]
[Site "?"]
[Date "2003.03.15"]
[Round "10.5"]
[White "Skapikova, Lubica"]
[Black "Miklas, Marian"]
[Result "0-1"]
[WhiteElo "2050"]
[BlackElo "2172"]
[PlyCount "84"]
[EventDate "2002.??.??"]

1. e4 c5 2. Nf3 d6 3. d4 cxd4 4. Nxd4 Nf6 5. Nc3 a6 6. Be2 e6 7. Be3 Be7 8. Qd2
O-O 9. O-O-O b5 10. a3 Bb7 11. f3 Qc7 12. g4 Nc6 13. Nxc6 Bxc6 14. g5 Nd7 15.
h4 Qb7 16. Bd3 a5 17. Qf2 b4 18. Nb1 Rfb8 19. c4 d5 20. exd5 exd5 21. Qc2 bxa3
22. bxa3 Ba4 23. Qc3 Nc5 24. Bc2 dxc4 25. Bxc5 Bxc5 26. Kd2 Bxc2 27. Kxc2 Qb3+
28. Qxb3 Rxb3 29. Rd5 Bxa3 30. Nxa3 Rxa3 31. Rhd1 Kf8 32. Rc5 Re8 33. Kb2 Rb3+
34. Ka2 Re2+ 35. Ka1 Ra3+ 36. Kb1 c3 37. Rc8+ Ke7 38. Rc7+ Ke6 39. Rc6+ Ke5 40.
Rc5+ Kf4 41. Rc4+ Kg3 42. Rg4+ Kxf3 0-1

[Event "SR 2. liga A 2002/2003"]
[Site "?"]
[Date "2003.03.15"]
[Round "10.5"]
[White "Slamena, Michal"]
[Black "Kovarik, Oto"]
[Result "0-1"]
[WhiteElo "1768"]
[BlackElo "2103"]
[PlyCount "126"]
[EventDate "2002.??.??"]

1. e4 c5 2. Nf3 Nc6 3. d4 cxd4 4. Nxd4 d6 5. Bc4 e5 6. Nb3 Nf6 7. Nc3 Be7 8.
Be3 O-O 9. Qd2 a6 10. Bd5 Ng4 11. Nd1 Kh8 12. h3 Nxe3 13. Nxe3 f5 14. exf5 Bxf5
15. Nxf5 Rxf5 16. c3 Qf8 17. O-O Rf4 18. g3 Rf6 19. Qe2 Qc8 20. Bg2 Qe6 21.
Rad1 Rc8 22. h4 Bd8 23. Bf3 Qe8 24. Nd2 Qf8 25. Bg4 Rc7 26. Ne4 Rg6 27. f4 exf4
28. Rxf4 Bf6 29. h5 Rh6 30. Nxd6 Re7 31. Qf2 Ne5 32. Nf5 Nxg4 33. Rxg4 Rxh5 34.
Nxe7 Qxe7 35. Re1 Re5 36. Rxe5 Qxe5 37. Rf4 h6 38. Rf3 Qg5 39. Kg2 Qd5 40. a3
Qb5 41. Qc2 Qc6 42. b3 a5 43. a4 b6 44. Qd3 Qe6 45. Re3 Qc6+ 46. Kh2 Kg8 47. c4
Kf8 48. Qd5 Qc7 49. Qe6 Qd8 50. Kh3 h5 51. Qf5 g5 52. g4 Qd4 53. Rf3 hxg4+ 54.
Qxg4 Qa1 55. Qg2 Kf7 56. Rd3 Qe1 57. Qf3 g4+ 58. Qxg4 Qf1+ 59. Kh2 Qxd3 60.
Qh5+ Ke6 61. Qe8+ Be7 62. Qc8+ Kf7 63. Qg4 Qh7+ 0-1

[Event "SR 2. liga A 2002/2003"]
[Site "?"]
[Date "2003.03.15"]
[Round "10.5"]
[White "Stefan, Oldrich"]
[Black "Srna, Jan"]
[Result "0-1"]
[WhiteElo "2050"]
[BlackElo "2073"]
[PlyCount "76"]
[EventDate "2002.??.??"]

1. d4 e6 2. Nf3 f5 3. g3 d5 4. Bg2 c6 5. O-O Nf6 6. c4 Be7 7. b3 O-O 8. Ba3
Nbd7 9. Bxe7 Qxe7 10. Qc2 Ne4 11. Nfd2 Qg5 12. Qd3 Ndf6 13. f3 Nd6 14. Nc3 f4
15. gxf4 Qxf4 16. e4 dxc4 17. Nxc4 Nxc4 18. Qxc4 Kh8 19. Rae1 Bd7 20. Ne2 Qh6
21. Qc1 Qh5 22. Qc5 Qh6 23. Qc1 Qh4 24. Ng3 Rf7 25. Qe3 Raf8 26. Re2 Nh5 27.
Nxh5 Qxh5 28. f4 g5 29. fxg5 Rxf1+ 30. Bxf1 Rf3 31. Qd2 Qg4+ 32. Bg2 Rf4 33.
Qe1 Qxg5 34. Qg3 Rg4 35. Qf3 Qg7 36. Rf2 Kg8 37. Kh1 h5 38. Qe3 h4 {cas} 0-1

[Event "SR 2. liga A 2002/2003"]
[Site "?"]
[Date "2003.03.15"]
[Round "10.5"]
[White "Sukuba, Zdeno"]
[Black "Lobodas, Andrej"]
[Result "1-0"]
[WhiteElo "2108"]
[BlackElo "1867"]
[PlyCount "103"]
[EventDate "2002.??.??"]

1. Nf3 d6 2. c4 g6 3. g3 Bg7 4. Bg2 e5 5. d3 f5 6. O-O c6 7. Nc3 Nf6 8. Rb1 O-O
9. c5 e4 10. dxe4 fxe4 11. Qb3+ d5 12. Ng5 Qe7 13. Bf4 Qxc5 14. Ngxe4 Nxe4 15.
Nxe4 Qb6 16. Nc3 Qxb3 17. axb3 Be6 18. b4 Nd7 19. b5 Nb6 20. bxc6 bxc6 21. Rfc1
Rfe8 22. e3 a5 23. Bf1 c5 24. Bb5 Bf5 25. Ra1 d4 26. Na4 Nxa4 27. Rxa4 d3 28.
e4 Be6 29. Bxd3 Bb3 30. Bc4+ Bxc4 31. Rcxc4 Bxb2 32. Be3 Bd4 33. Bxd4 cxd4 34.
Rxd4 Rec8 35. Kg2 Rc2 36. e5 Re2 37. Rd5 Rf8 38. Rf4 Rxf4 39. gxf4 a4 40. Ra5
Ra2 41. Ra7 a3 42. Kf3 Ra1 43. h4 h5 44. f5 gxf5 45. Kf4 a2 46. Kxf5 Rh1 47.
Rxa2 Rxh4 48. f4 Rh1 49. Kg6 Kf8 50. Kf6 Kg8 51. e6 Rf1 52. f5 1-0

[Event "SR 2. liga A 2002/2003"]
[Site "?"]
[Date "2003.03.15"]
[Round "10.6"]
[White "Janecek, Jan"]
[Black "Kruppa, Dominik"]
[Result "0-1"]
[WhiteElo "1982"]
[BlackElo "2071"]
[PlyCount "88"]
[EventDate "2002.??.??"]

1. d4 d5 2. Nf3 Nf6 3. e3 e6 4. c4 c6 5. Nc3 a6 6. c5 Nbd7 7. Be2 Qc7 8. b4 Ne4
9. Qc2 f5 10. Bb2 Be7 11. g3 O-O 12. h4 Bf6 13. Bd3 e5 14. Ne2 Re8 15. dxe5
Nxe5 16. Nxe5 Bxe5 17. Bxe4 fxe4 18. O-O-O Bg4 19. Rd2 a5 20. bxa5 Bxe2 21.
Rxe2 Rxa5 22. Bd4 Rea8 23. Qb1 Bxd4 24. exd4 Rb5 25. Rb2 Qa5 26. Rd1 Qa4 27.
Rdd2 Qa3 28. Qc2 Ra4 29. Kd1 Rxb2 30. Qxb2 Qxb2 31. Rxb2 Rxd4+ 32. Ke2 Rc4 33.
Rxb7 Rxc5 34. Rc7 d4 35. Kd2 Ra5 36. Rxc6 Rxa2+ 37. Ke1 d3 38. Rc4 Re2+ 39. Kf1
Rc2 40. Rd4 Rc1+ 41. Kg2 Kf7 42. g4 Kf6 43. f4 e3 44. Rxd3 e2 0-1

[Event "SR 2. liga A 2002/2003"]
[Site "?"]
[Date "2003.03.15"]
[Round "10.6"]
[White "Jurcak, Marian"]
[Black "Faltan, Peter"]
[Result "0-1"]
[WhiteElo "1847"]
[BlackElo "2148"]
[PlyCount "84"]
[EventDate "2002.??.??"]

1. e4 e5 2. f4 exf4 3. Nf3 d6 4. Bc4 Be6 5. d3 g5 6. Bxe6 fxe6 7. Nd4 Qf6 8.
Qh5+ Kd7 9. c3 Qg6 10. Qd1 Ne7 11. Qb3 b6 12. Na3 Bg7 13. Bd2 c6 14. O-O-O Na6
15. Rhf1 Nc5 16. Qc2 Rhc8 17. Kb1 b5 18. Bc1 a5 19. Qe2 Na4 20. Qc2 Nb6 21. Qf2
Rcb8 22. Bd2 b4 23. cxb4 axb4 24. Bxb4 c5 25. Bxc5 dxc5 26. Nb3 Na4 27. Nc4 Ke8
28. Nxc5 Nc3+ 29. Kc2 Nxd1 30. Rxd1 e5 31. b3 Rxa2+ 32. Nb2 Qc6 33. Kb1 Ra5 34.
Rc1 Qb6 35. Qc2 Rc8 36. Nba4 Qb4 37. Qc4 Rxa4 38. Nxa4 Rxc4 39. Rxc4 Qxb3+ 40.
Nb2 Kd7 41. Ra4 Nc6 42. Kc1 Bf8 0-1

[Event "SR 2. liga A 2002/2003"]
[Site "?"]
[Date "2003.03.15"]
[Round "10.6"]
[White "Kubis, Ivan"]
[Black "Kollarik, Gorazd"]
[Result "1-0"]
[WhiteElo "2105"]
[BlackElo "1820"]
[PlyCount "41"]
[EventDate "2002.??.??"]

1. e4 c5 2. Nf3 Nc6 3. d4 cxd4 4. Nxd4 Nf6 5. Nc3 e5 6. Ndb5 d6 7. Bg5 a6 8.
Bxf6 gxf6 9. Na3 b5 10. Nd5 f5 11. Bd3 Be6 12. Qh5 Rg8 13. c3 Rg5 14. Qxh7 fxe4
15. Bxe4 f5 16. Nc7+ Qxc7 17. Qxc7 Bd7 18. Bxc6 Rd8 19. Nc2 Rg7 20. O-O-O f4
21. Nb4 1-0

[Event "SR 2. liga A 2002/2003"]
[Site "?"]
[Date "2003.03.15"]
[Round "10.6"]
[White "Puskas, Miroslav"]
[Black "Palka, Miroslav"]
[Result "0-1"]
[WhiteElo "2142"]
[BlackElo "2010"]
[PlyCount "118"]
[EventDate "2002.??.??"]

1. e4 c5 2. Nf3 d6 3. d4 cxd4 4. Nxd4 Nf6 5. Nc3 g6 6. Be3 Bg7 7. f3 O-O 8. Qd2
Nc6 9. O-O-O Nxd4 10. Bxd4 Be6 11. Kb1 Qc7 12. g4 Rfc8 13. h4 Qa5 14. Bxf6 Bxf6
15. Nd5 Qxd2 16. Nxf6+ Kg7 17. Nh5+ gxh5 18. Rxd2 hxg4 19. fxg4 Bxg4 20. Rg2 h5
21. Be2 Kh7 22. Bxg4 hxg4 23. Rxg4 Rg8 24. Rf4 f6 25. a4 Rg2 26. Rh3 Rc8 27.
Rb3 b6 28. c3 Rc5 29. Rf5 Rg4 30. a5 Rxe4 31. axb6 axb6 32. Rxc5 bxc5 33. Rb7
c4 34. Kc2 Kg6 35. b4 cxb3+ 36. Kd3 Re5 37. Rxb3 f5 38. Rb4 e6 39. Rb8 d5 40.
Rg8+ Kh7 41. Rg5 Re4 42. Rh5+ Kg7 43. Kd2 Kf6 44. Rh8 Ke5 45. h5 Rh4 46. h6 Ke4
47. h7 Rh2+ 48. Kc1 e5 49. c4 dxc4 50. Rc8 Rxh7 51. Rxc4+ Kd5 52. Ra4 Rh2 53.
Kd1 f4 54. Ke1 Rc2 55. Kd1 Rc4 56. Ra8 Kd4 57. Kd2 Ke4 58. Rh8 Ra4 59. Rh4 Ra2+
0-1

[Event "SR 2. liga A 2002/2003"]
[Site "?"]
[Date "2003.03.15"]
[Round "10.7"]
[White "Diviak, Rastislav"]
[Black "Borik, M."]
[Result "0-1"]
[WhiteElo "1824"]
[BlackElo "1951"]
[PlyCount "84"]
[EventDate "2002.??.??"]

1. e4 e5 2. Nf3 Nc6 3. Bb5 a6 4. Ba4 Be7 5. O-O b5 6. Bb3 Nf6 7. Re1 d6 8. c3
Bg4 9. h3 Bh5 10. d3 O-O 11. Nbd2 Na5 12. Bc2 c5 13. Nf1 Nd7 14. Ng3 Bg6 15. d4
Nc6 16. Be3 b4 17. Qe2 bxc3 18. bxc3 Qa5 19. d5 Na7 20. c4 Rab8 21. Reb1 Qc7
22. Bd2 Rxb1+ 23. Rxb1 Rb8 24. Qd1 Nc8 25. Ne1 Qa7 26. f4 exf4 27. Bxf4 Rb4 28.
Bb3 Bh4 29. Qg4 Bf6 30. Nd3 Rb8 31. Nf5 Bxf5 32. Qxf5 Ndb6 33. Re1 Bc3 34. Re2
a5 35. a4 Qd7 36. Qxd7 Nxd7 37. Bc2 f6 38. Nc1 Bb4 39. Bb3 Ndb6 40. Bd2 Bxd2
41. Rxd2 Nxc4 42. Rd3 N4b6 0-1

[Event "SR 2. liga A 2002/2003"]
[Site "?"]
[Date "2003.03.15"]
[Round "10.7"]
[White "Galan, Anton"]
[Black "Richter, Erik"]
[Result "1-0"]
[WhiteElo "1966"]
[BlackElo "1869"]
[PlyCount "83"]
[EventDate "2002.??.??"]

1. e4 e5 2. f4 d5 3. exd5 Qxd5 4. Nc3 Qa5 5. d4 exd4 6. Qxd4 Nc6 7. Qe4+ Nge7
8. Bb5 Bf5 9. Bxc6+ bxc6 10. Qe2 g6 11. Nf3 Bg7 12. Ne5 O-O 13. O-O Nd5 14.
Nxd5 cxd5 15. Qf2 Rfe8 16. Be3 a6 17. Bd4 Qb5 18. a4 Qb7 19. Ra3 a5 20. Rb3 Qa6
21. Rc3 Qb7 22. Rb3 Qa6 23. Rb5 f6 24. Nd3 Qc6 25. Rc5 Qxa4 26. Rxc7 Rec8 27.
b3 Qb5 28. Rc5 Rxc5 29. Nxc5 Re8 30. Re1 Be4 31. Nxe4 dxe4 32. Qd2 Qd5 33. Qc3
Kf7 34. Ra1 e3 35. Rxa5 Qe4 36. Ra7+ Kf8 37. Qc5+ Kg8 38. Qc7 Re7 39. Qxe7 Qxe7
40. Rxe7 e2 41. Kf2 e1=Q+ 42. Kxe1 1-0

[Event "SR 2. liga A 2002/2003"]
[Site "?"]
[Date "2003.03.15"]
[Round "10.7"]
[White "Kebis, Milos"]
[Black "Fratric, Igor"]
[Result "0-1"]
[WhiteElo "2079"]
[BlackElo "1871"]
[PlyCount "62"]
[EventDate "2002.??.??"]

1. d4 Nf6 2. Nf3 e6 3. c4 Bb4+ 4. Nc3 c5 5. dxc5 Qa5 6. Qc2 Na6 7. Bd2 Nxc5 8.
g3 b6 9. Bg2 Bb7 10. O-O O-O 11. a3 Bxc3 12. Bxc3 Qa4 13. Qxa4 Nxa4 14. Be5 d5
15. Rac1 dxc4 16. Rxc4 Nc5 17. Bxf6 gxf6 18. b4 Ne4 19. Rc7 Ba6 20. Nd4 f5 21.
Bxe4 fxe4 22. b5 Rfc8 23. Rfc1 Bb7 24. R1c2 Rxc7 25. Rxc7 Bd5 26. e3 a6 27. a4
Kg7 28. Nxe6+ Bxe6 29. a5 axb5 30. axb6 Rb8 31. b7 b4 0-1

[Event "SR 2. liga A 2002/2003"]
[Site "?"]
[Date "2003.03.15"]
[Round "10.7"]
[White "Synak, Jan"]
[Black "Vach, Jozef"]
[Result "1-0"]
[WhiteElo "1738"]
[BlackElo "1860"]
[PlyCount "85"]
[EventDate "2002.??.??"]

1. e4 e5 2. Nf3 Nc6 3. Bb5 a6 4. Ba4 Nf6 5. O-O Be7 6. Re1 b5 7. Bb3 d6 8. h3
Na5 9. d4 Nxb3 10. axb3 Bb7 11. d5 Nd7 12. c4 c6 13. Nc3 b4 14. Na4 cxd5 15.
cxd5 Rc8 16. Be3 O-O 17. g4 g6 18. Bh6 Re8 19. Qd2 a5 20. Rac1 Ba6 21. Rxc8
Qxc8 22. Rc1 Qb7 23. Rc6 Bb5 24. Qc1 Bxa4 25. bxa4 Nc5 26. Qc2 f6 27. Be3 Rc8
28. Qc4 Kg7 29. Bxc5 Rxc6 30. dxc6 Qxc6 31. Qe6 Kf8 32. Be3 Qxe4 33. Nd2 Qc6
34. b3 g5 35. Kh2 Qc2 36. Qc4 Qxc4 37. Nxc4 d5 38. Nxa5 d4 39. Bd2 Kf7 40. Nc6
Bc5 41. a5 Ke6 42. a6 Kd5 43. a7 1-0

[Event "SR 2. liga A 2002/2003"]
[Site "?"]
[Date "2003.03.15"]
[Round "10.7"]
[White "Vach, Pavol"]
[Black "Mosny, Jaroslav"]
[Result "0-1"]
[WhiteElo "1942"]
[BlackElo "2060"]
[PlyCount "68"]
[EventDate "2002.??.??"]

1. d4 Nf6 2. c4 e6 3. Nf3 b6 4. Bg5 Bb7 5. e3 Be7 6. Bd3 d5 7. O-O O-O 8. Nc3
Nbd7 9. Rc1 c5 10. cxd5 exd5 11. dxc5 bxc5 12. b3 Rc8 13. Qe2 Re8 14. Rfd1 Ne4
15. Bxe4 dxe4 16. Ne5 Bxg5 17. Rxd7 Qf6 18. Rxf7 Qxe5 19. Rxb7 Rcd8 20. Na4 Be7
21. Rxa7 Rf8 22. g3 h5 23. Qc4+ Kh8 24. Qe2 h4 25. Kg2 Rf3 26. Nc3 Rdf8 27. Nd1
Bd6 28. Qe1 Qf5 29. Rc2 Rf6 30. Ra6 hxg3 31. hxg3 Rh6 32. Qh1 Rxh1 33. Kxh1
Qh3+ 34. Kg1 Bxg3 0-1

[Event "SR 2. liga A 2002/2003"]
[Site "?"]
[Date "2003.03.15"]
[Round "10.8"]
[White "Durdovic, V."]
[Black "Karlik, Lubomir"]
[Result "1/2-1/2"]
[WhiteElo "1846"]
[BlackElo "1891"]
[PlyCount "94"]
[EventDate "2002.??.??"]

1. c4 e5 2. Nc3 Nf6 3. g3 Nc6 4. Bg2 d6 5. Nf3 g6 6. O-O Bg7 7. d3 O-O 8. Be3
Ng4 9. Bg5 f6 10. Bd2 Nh6 11. Rb1 Nf5 12. b4 a6 13. a4 Rb8 14. b5 axb5 15. axb5
Ncd4 16. e3 Ne6 17. Nd5 Ne7 18. Nh4 b6 19. Nxe7+ Qxe7 20. Bd5 Bb7 21. Qf3 Bxd5
22. Qxd5 Kh8 23. Ra1 Nc5 24. Ra7 Qd8 25. Bc3 f5 26. Rfa1 Rc8 27. Nf3 f4 28.
exf4 exf4 29. Bxg7+ Kxg7 30. d4 Rf5 31. Qc6 Ne6 32. Re1 Ng5 33. g4 Rf7 34. h3
Nxh3+ 35. Kg2 Ng5 36. Ra2 Nxf3 37. Kxf3 Qg5 38. Rg1 Re7 39. Re2 Rxe2 40. Kxe2
Qe7+ 41. Kf1 Re8 42. Kg2 Qe4+ 43. Qxe4 Rxe4 44. Rd1 Re2 45. d5 Rc2 46. Rd4 g5
47. Re4 Kf7 1/2-1/2

[Event "SR 2. liga A 2002/2003"]
[Site "?"]
[Date "2003.03.15"]
[Round "10.8"]
[White "Hajtmanek, Stanislav"]
[Black "Garaj, Ivan"]
[Result "0-1"]
[WhiteElo "1814"]
[BlackElo "1728"]
[PlyCount "102"]
[EventDate "2002.??.??"]

1. d4 d5 2. Nf3 c6 3. e3 Nf6 4. c4 e6 5. Bd3 Bd6 6. Nc3 Nbd7 7. Bd2 b6 8. Qa4
Bb7 9. Rc1 O-O 10. O-O Re8 11. e4 e5 12. cxd5 cxd5 13. Bg5 exd4 14. Nxd5 h6 15.
Bh4 a6 16. Nxf6+ Nxf6 17. Qxd4 Bc5 18. Qc4 Rc8 19. Qb3 Bxe4 20. Bxa6 Ra8 21.
Bc4 Ra7 22. Rcd1 Qe7 23. Rfe1 g5 24. Bg3 Qb7 25. Bd5 Nxd5 26. Rxd5 Re6 27. Rd8+
Kg7 28. Rb8 Qe7 29. Nd2 Bf5 30. Qc3+ f6 31. Rxe6 Qxe6 32. Nb3 Rd7 33. h4 gxh4
34. Bxh4 Bd6 35. Nd4 Qd5 36. Bxf6+ Kxf6 37. Nxf5+ Kxf5 38. Qh3+ Kg6 39. Qg4+
Kf6 40. Qa4 Qg5 41. Qd4+ Kf7 42. Qc4+ Ke7 43. Qe4+ Kf6 44. Qd4+ Be5 45. Rxb6+
Ke7 46. Qb4+ Ke8 47. Qe1 Re7 48. Qd1 Qh4 49. g3 Bxg3 50. fxg3 Qxg3+ 51. Kf1
Rf7+ 0-1

[Event "SR 2. liga A 2002/2003"]
[Site "?"]
[Date "2003.03.15"]
[Round "10.8"]
[White "Krist, Milan"]
[Black "Zisek, Jaroslav"]
[Result "1/2-1/2"]
[WhiteElo "2001"]
[BlackElo "1732"]
[PlyCount "40"]
[EventDate "2002.??.??"]

1. d4 Nf6 2. c4 g6 3. Nc3 Bg7 4. e4 d6 5. Nf3 O-O 6. Be2 c5 7. d5 e6 8. O-O
exd5 9. exd5 Re8 10. h3 a6 11. a4 Ne4 12. Nxe4 Rxe4 13. Qc2 Re8 14. Bf4 Qc7 15.
Rae1 Nd7 16. Bd3 Ne5 17. Nxe5 dxe5 18. Bd2 Bd7 19. Bc3 Bf8 20. b3 f5 1/2-1/2

[Event "SR 2. liga A 2002/2003"]
[Site "?"]
[Date "2003.03.15"]
[Round "10.8"]
[White "Samko, Karol"]
[Black "Hertel, Ondrej"]
[Result "1/2-1/2"]
[WhiteElo "1982"]
[BlackElo "1714"]
[PlyCount "76"]
[EventDate "2002.??.??"]

1. e4 e5 2. Nf3 Nc6 3. Nc3 Nf6 4. Bb5 Bb4 5. O-O O-O 6. Bxc6 bxc6 7. d3 d6 8.
Ne2 Bg4 9. Ng3 c5 10. h3 Be6 11. Bd2 Bxd2 12. Qxd2 h6 13. Nh2 Nd7 14. f4 exf4
15. Qxf4 Qf6 16. Qxf6 Nxf6 17. b3 Nd7 18. Nf5 Bxf5 19. Rxf5 Ne5 20. Nf1 Nc6 21.
Ne3 Ne7 22. Rf2 f6 23. g4 a5 24. a4 Nc6 25. Nd5 Rf7 26. Raf1 Re8 27. Ne3 Ne5
28. Kg2 c6 29. Rb1 d5 30. exd5 Nxd3 31. cxd3 Rxe3 32. dxc6 Rc7 33. Rc2 Rxc6 34.
d4 Rd6 35. dxc5 Rdd3 36. c6 Rg3+ 37. Kf1 Rgf3+ 38. Ke2 Rfe3+ 1/2-1/2

[Event "SR 2. liga A 2002/2003"]
[Site "?"]
[Date "2003.03.16"]
[Round "11.1"]
[White "Bezuch, Martin"]
[Black "Flasik, Radoslav"]
[Result "1/2-1/2"]
[WhiteElo "2124"]
[BlackElo "2230"]
[PlyCount "53"]
[EventDate "2002.??.??"]

1. e4 c5 2. Nf3 Nc6 3. Nc3 g6 4. d4 cxd4 5. Nxd4 Bg7 6. Be3 d6 7. Bc4 Nf6 8. f3
Bd7 9. Qd2 Rc8 10. Bb3 Ne5 11. O-O-O O-O 12. g4 Rc5 13. g5 Nh5 14. f4 Nc4 15.
Bxc4 Rxc4 16. f5 Rxc3 17. Qxc3 gxf5 18. Qd3 f4 19. Bf2 Qa5 20. Nf5 Bxf5 21.
exf5 Qxa2 22. f6 exf6 23. gxf6 Qa1+ 24. Kd2 Qa5+ 25. Kc1 Qa1+ 26. Kd2 Qa5+ 27.
Kc1 1/2-1/2

[Event "SR 2. liga A 2002/2003"]
[Site "?"]
[Date "2003.03.16"]
[Round "11.1"]
[White "Cvicela, Anton"]
[Black "Kantorik, Marian"]
[Result "0-1"]
[WhiteElo "2182"]
[BlackElo "2351"]
[PlyCount "98"]
[EventDate "2002.??.??"]

1. e4 g6 2. d4 Bg7 3. Nc3 d6 4. f4 Nd7 5. Nf3 e6 6. Bd3 Ne7 7. O-O O-O 8. f5 c5
9. fxe6 fxe6 10. dxc5 Nxc5 11. Bg5 h6 12. Be3 Bd7 13. Qd2 Kh7 14. Rad1 Rc8 15.
Qf2 Nxd3 16. Rxd3 d5 17. Qh4 Nc6 18. Qxd8 Rfxd8 19. exd5 exd5 20. Rxd5 Bf5 21.
Nh4 Bxc2 22. Rf7 b6 23. Rdd7 Rxd7 24. Rxd7 Re8 25. Bf2 Re6 26. Nf3 Bf5 27. Rc7
Kg8 28. Nb5 Bxb2 29. Nxa7 Nxa7 30. Rxa7 Rd6 31. h3 Bd3 32. Rb7 b5 33. a4 Rd5
34. a5 Rd6 35. Rb6 Rxb6 36. Bxb6 b4 37. Nd2 Kf7 38. Kf2 Ke6 39. Ke3 Bb5 40. Nb3
Kd5 41. h4 Bc4 42. Nd4 Bc1+ 43. Kf3 Bd2 44. g3 Bc3 45. Ke3 Ba6 46. Nb3 Kc4 47.
Nd2+ Kd5 48. Nb3 Be5 49. Kf3 Kc4 0-1

[Event "SR 2. liga A 2002/2003"]
[Site "?"]
[Date "2003.03.16"]
[Round "11.1"]
[White "Jablonicky, Frantisek"]
[Black "Harasta, Vladimir"]
[Result "1-0"]
[WhiteElo "2234"]
[BlackElo "2199"]
[PlyCount "157"]
[EventDate "2002.??.??"]

1. Nf3 Nf6 2. d4 g6 3. c4 Bg7 4. g3 O-O 5. Bg2 d6 6. O-O Nc6 7. Nc3 a6 8. h3
Rb8 9. a4 Na5 10. b3 c5 11. dxc5 Nd7 12. Bd2 dxc5 13. Rb1 Nc6 14. Qc1 Re8 15.
Bh6 Bh8 16. Rd1 e6 17. Ne4 Qe7 18. Bg5 f6 19. Be3 Bg7 20. Rd2 e5 21. Qa3 Bf8
22. Nc3 Nd4 23. Nd5 Qf7 24. a5 Kh8 25. Qc1 Bg7 26. Qd1 Nf8 27. b4 Nfe6 28. bxc5
Nf5 29. Qb3 Bd7 30. Rbd1 Bc6 31. Ne1 Bf8 32. g4 Nxe3 33. Qxe3 Bxc5 34. Qf3 Nd4
35. Qxf6+ Qxf6 36. Nxf6 Rf8 37. Bxc6 Rxf6 38. Bg2 Nc6 39. Nd3 Bd4 40. Bxc6 bxc6
41. e3 Bc3 42. Rc2 Bxa5 43. Nxe5 Rb3 44. Ra2 Bc3 45. Nd7 Rf7 46. Nc5 Rb4 47.
Ne6 h6 48. c5 Ra7 49. Rd6 a5 50. Rxc6 a4 51. Rb6 a3 52. Rxb4 Bxb4 53. c6 Kg8
54. c7 Ra8 55. Nd4 Rc8 56. Nb5 Kf7 57. Kg2 Ke7 58. Nxa3 Bxa3 59. Rxa3 Rxc7 60.
Ra6 Kf7 61. Kg3 Kg7 62. h4 g5 63. h5 Rb7 64. Rg6+ Kh7 65. e4 Rb3+ 66. Kg2 Ra3
67. e5 Ra5 68. e6 Re5 69. f4 gxf4 70. Kf3 Re1 71. Kxf4 Re2 72. Kf5 Rf2+ 73. Ke5
Re2+ 74. Kf6 Rf2+ 75. Ke7 Ra2 76. Kf7 Re2 77. e7 Re1 78. e8=Q Rf1+ 79. Ke7 1-0

[Event "SR 2. liga A 2002/2003"]
[Site "?"]
[Date "2003.03.16"]
[Round "11.1"]
[White "Kleman, Miroslav"]
[Black "Meszaros, Michal"]
[Result "1/2-1/2"]
[WhiteElo "2207"]
[BlackElo "2309"]
[PlyCount "39"]
[EventDate "2002.??.??"]

1. d4 g6 2. g3 Bg7 3. Bg2 c5 4. c3 cxd4 5. cxd4 d5 6. Nc3 e6 7. e3 Ne7 8. Nge2
O-O 9. O-O Nbc6 10. b3 b6 11. Ba3 Ba6 12. Rc1 Rc8 13. Qd2 Qd7 14. Rc2 Rfd8 15.
Rfc1 Nf5 16. Nf4 Nd6 17. Nd3 Bf8 18. Qd1 Nb7 19. Bxf8 Kxf8 20. Bf1 1/2-1/2

[Event "SR 2. liga A 2002/2003"]
[Site "?"]
[Date "2003.03.16"]
[Round "11.1"]
[White "Krajnak, Robert"]
[Black "Petreje, Juraj"]
[Result "1/2-1/2"]
[WhiteElo "2175"]
[BlackElo "2180"]
[PlyCount "24"]
[EventDate "2002.??.??"]

1. c4 Nf6 2. Nc3 c5 3. Nf3 Nc6 4. d4 cxd4 5. Nxd4 g6 6. e4 Qa5 7. Nb3 Qd8 8.
Bd3 Bg7 9. Bg5 O-O 10. Qd2 d6 11. Rc1 Be6 12. O-O Ne5 1/2-1/2

[Event "SR 2. liga A 2002/2003"]
[Site "?"]
[Date "2003.03.16"]
[Round "11.2"]
[White "Horak, Ivan"]
[Black "Lukac, Roman"]
[Result "1/2-1/2"]
[WhiteElo "2198"]
[BlackElo "2151"]
[PlyCount "133"]
[EventDate "2002.??.??"]

1. e4 e5 2. Nf3 Nc6 3. Bb5 a6 4. Ba4 Nf6 5. O-O b5 6. Bb3 Be7 7. Re1 d6 8. c3
O-O 9. h3 Nb8 10. d4 Nbd7 11. a4 Bb7 12. Nbd2 c5 13. d5 c4 14. Bc2 Nc5 15. axb5
axb5 16. Rxa8 Qxa8 17. Nf1 Rc8 18. Ne3 g6 19. Ng4 Nxg4 20. hxg4 Rc7 21. g5 Bc8
22. Nh2 f5 23. gxf6 Bxf6 24. Rf1 Qa7 25. Kh1 Bg7 26. Be3 Rf7 27. Kg1 Qe7 28.
Qd2 Qh4 29. Nf3 Qd8 30. Ra1 Qb6 31. Ra8 Qb7 32. Ra3 Qb8 33. Qc1 b4 34. cxb4
Qxb4 35. Bd2 Qb8 36. Qa1 Rb7 37. Ra8 Qc7 38. Ba5 Qd7 39. Bc3 Qc7 40. Qa2 Nb3
41. Qa4 Bf8 42. Qe8 Rb8 43. Rxb8 Qxb8 44. Nxe5 dxe5 45. Bxe5 Qb4 46. Qxc8 Qe1+
47. Kh2 Qxf2 48. Qe6+ Qf7 49. Qxf7+ Kxf7 50. Kg3 Nc5 51. Kf3 Nd7 52. Bd4 Bd6
53. Ba4 Ne5+ 54. Ke2 Kf6 55. Bb5 Kg5 56. Be3+ Kg4 57. Kf1 Kg3 58. Ba6 h5 59.
Bb5 h4 60. Ba6 Ng4 61. Bg5 Ne5 62. Bb5 Bc5 63. Bf6 Kf4 64. Bxe5+ Kxe5 65. Bxc4
Kxe4 66. Ke2 g5 67. Bd3+ 1/2-1/2

[Event "SR 2. liga A 2002/2003"]
[Site "?"]
[Date "2003.03.16"]
[Round "11.2"]
[White "Kovacocy, Pavel"]
[Black "Bisco, Igor"]
[Result "1/2-1/2"]
[WhiteElo "2230"]
[BlackElo "2120"]
[PlyCount "85"]
[EventDate "2002.??.??"]

1. e4 e5 2. Nf3 Nc6 3. Bb5 a6 4. Ba4 Nf6 5. O-O Be7 6. Re1 b5 7. Bb3 d6 8. c3
O-O 9. d3 Bb7 10. Nbd2 Qd7 11. Nf1 g6 12. a4 Nd8 13. h3 Ne6 14. Bh6 Rfe8 15.
Ne3 Nc5 16. Ba2 bxa4 17. Ng5 d5 18. exd5 Bd6 19. Qf3 Qe7 20. Ne4 Nfxe4 21. dxe4
Bc8 22. Ng4 Bxg4 23. Qxg4 Reb8 24. Qe2 Qh4 25. Bc1 Rb6 26. Bc4 Rab8 27. Ra2 Kg7
28. Qg4 Qe7 29. g3 Nb3 30. Bxb3 axb3 31. Ra4 h5 32. Qe2 Qd7 33. Rxa6 Rxa6 34.
Qxa6 Qxh3 35. Qf1 Qg4 36. Qg2 Ra8 37. f3 Qd7 38. Qd2 Ra1 39. Kg2 Kg8 40. c4 Bf8
41. Qc3 Qa4 42. Rh1 Qb4 43. Bd2 1/2-1/2

[Event "SR 2. liga A 2002/2003"]
[Site "?"]
[Date "2003.03.16"]
[Round "11.2"]
[White "Kundrik, Peter"]
[Black "Kolman, Richard"]
[Result "1/2-1/2"]
[WhiteElo "2139"]
[BlackElo "2139"]
[PlyCount "27"]
[EventDate "2002.??.??"]

1. e4 c5 2. Nc3 Nc6 3. g3 g6 4. Bg2 Bg7 5. d3 e6 6. Be3 b6 7. Qd2 Nge7 8. Nge2
Bb7 9. O-O O-O 10. Rae1 d5 11. Bh6 dxe4 12. Nxe4 Nf5 13. Bxg7 Kxg7 14. h4
1/2-1/2